| 000 | 01015cam a2200325 4500 | ||
|---|---|---|---|
| 001 | M1490 | ||
| 008 | 090401t1994 xxu||||| |||| 00| 0 eng d | ||
| 035 | _a(Sirsi) u32351 | ||
| 041 | _aeng | ||
| 050 | _a333.332 | ||
| 090 | _aRICS 1994/26AB | ||
| 110 |
_aRoyal Institution of Chartered Surveyors _94900 |
||
| 245 | 4 | _aThe President`s Working Party on Commercial Property Valuations: the Mallinson Report: key findings. | |
| 260 |
_aLondon _bRICS _c1994 |
||
| 300 | _aviiip. ; 30cm. | ||
| 350 | _a0 | ||
| 520 | _aPublished as a supplement to CSM, April 1994. | ||
| 650 | _aPROPERTY-COMMERCIAL PROPERTY | ||
| 650 | _aMALLINSON REPORT | ||
| 650 | _aPRESIDENTS WORKING PARTY ON COMMERCIAL PROPERTY VALUATIONS | ||
| 650 | _aRICS APPRAISAL AND VALUATION MANUAL | ||
| 650 | _aVALUATION BASES | ||
| 650 | _aVALUATION METHODS | ||
| 650 |
_aValuation _96273 |
||
| 650 | _aWHITE BOOK | ||
| 690 | _aRATING AND VALUATION | ||
| 700 |
_aMallinson, Michael _xChairman |
||
| 942 | _n0 | ||
| 948 | _c04/03/1997 | ||
| 999 |
_c89724 _d89724 |
||